000 00683nam a2200289Ia 4500
005 20260324132306.0
008 008 260324s9999 xx 000 0 eng d
020 _a9780203040911
037 _aEBOOK
040 _aCRL
040 _beng
040 _cCRL
041 _2eng
041 _aeng
084 _qCRL
100 _aSir Peter Jeffery Mackie
_91188728
245 4 _aThe Keepers Book
245 2 _bA Guide to the Duties of a Gamekeeper
260 _bTaylor and Francis
260 _c2005
365 _a
365 _b300
856 _uhttp://www.taylorfrancis.com/books/9780203040911
942 _cEBOOK
999 _c1786720
_d1786720